000 00728nam a2200289Ia 4500
005 20260324112322.0
008 008 260324s9999 xx 000 0 eng d
020 _a9781003453185
037 _aEBOOK
040 _aCRL
040 _beng
040 _cCRL
041 _2eng
041 _aeng
084 _qCRL
100 _aAllan J. Katz
_91142198
245 0 _aNavigating the Phases of Sex Addiction Recovery
245 2 _bA Workbook for Adding Meaningful Value and Purpose to Sobriety
260 _bTaylor and Francis
260 _c2024
365 _a
365 _b220
856 _uhttp://www.taylorfrancis.com/books/9781003453185
942 _cEBOOK
999 _c1731356
_d1731356